01994nab a22002177a 4500999001500000003000400015005001700019008004100036040000700077100002800084245008500112300001300197505127300210505007201483650002801555650003501583650002101618650002001639773010401659942001301763 c5780d5780OSt20260106131402.0190514b xxu||||| |||| 00| 0 spa d cPJ 93937aCarlucci, Fabiana13aCondominio en los bienes gananciales. Principales problemas /cFabiana Carlucci. ap. 62-72 aSumario: I. Aproximación al tema.— II. El condominio entre cónyuges antes de la vigencia del Cód. Civ. y Com.— III. La normativa introducida por el Cód. Civ. y Com.— IV. Objetivo de estas líneas.— V. Reconocimiento expreso de la ley en torno al condominio entre cónyuges, sean los bienes propios o gananciales. La eventual presencia de un tercer condómino.— VI. Cotitularidades que no importan estrictamente condominio.— VII. Administración del bien ganancial adquirido por ambos cónyuges.— VIII. Disposición del bien ganancial adquirido por ambos cónyuges.— IX. Administración y disposición de la cuota ganancial del bien adquirido por ambos cónyuges.— X. Administración del bien común por uno solo de los cónyuges mediante mandato. Obligación de rendir cuentas.— XI. Uso y goce de la cosa.— XII. Derecho de los acreedores de ambos cónyuges sobre los bienes gananciales en condominio. Pasivo provisorio y definitivo.— XIII. Frutos del bien en condominio ganancial.— XIV. División y partición del condominio vigente en la comunidad de bienes.— XV. Forma de la partición. Renuncia al 50 % por uno de los cónyuges.— XVI. Un aspecto procesal. Competencia.— XVII. Reflexiones con final abierto. tSi te interesa el texto, comunicate a koha@justierradelfuego.gov.ar 09967aDERECHO DE FAMILIA 0aCODIGO CIVIL Y COMERCIAL91497 0aCONDOMINIO92253 0aCÓNYUGE953690 0284493222dBuenos Aires : AbeledoPerrot, 1989-tDerecho de familia. N° 115 - Julio 2024z18511201 2udccANA